000 00490nam a22001937a 4500
003 MPLRDC
005 20220104182241.0
008 210129b ||||| |||| 00| 0 eng d
020 _a983-50-0584-2
082 _a859.6 SRR v.8
100 _aPERERBITAN PELANGI SDN BHD
245 _aHARI YANG SURAM
_c
250 _a初版
260 _a
_bPERERBITAN PELANGI SDN BHD
_c1994
300 _b
490 _aSIRI RAKAN RIMBA
650 _aSASTERA KANAK-KANAK
942 _cBK
_o859.6 SRR v.8
999 _c61866
_d61856